000 01683cad a22003375a 4500
001 L158332
002 19750
008 131031s2014 xxk f f 001 0 eng d
020 _a9781783210251
035 _a(Sirsi) u158332
041 0 _aeng
050 0 4 _a333.332 $2 18
110 2 _aRoyal Institution of Chartered Surveyors
_94900
240 0 0 _aRed Book
245 0 0 _aRICS UK valuation standards, appendices and guidance notes
_bDecember 2014
_h[electronic resource]
260 _aLondon
_bRICS
_c2014
300 _a200 p.
490 0 _aRICS Guidance Note
490 0 _aRICS Valuation Standards
490 0 _aRICS Professional Standards Global and UK
505 2 _aRICS UK Valuation Standards -- RICS UK Appendices -- RICS UK guidance notes
520 _aAPRIL 2015 UPDATE (L158561): RICS Valuation Standards as they apply in the UK have been updated with effect from the date of publication in April 2015.
520 _aIt replaces UK part of the RICS Red Book 2014 - L158006.
520 _aRed Book UKVS 1 and the associated Appendices have been rewritten in 2014 in order to reflect the replacement of the existing UK GAAP accounting standards with a new regime, based on International Financial Reporting Standards (IFRS), taking effect from January 2015. The new UK and Republic of Ireland accounting standards affect UKVS 1 and UK appendices 1, 2, 4 and 6.
650 2 4 _aRICS VALUATION STANDARDS
651 4 _aUnited Kingdom
_y
690 _aValuation
_96273
856 4 8 _uhttps://www.rics.org/Global/RICS_Red_Book_UK_PGguidance_December_2014.pdf
_zRICS members can access this item free of charge at www.rics.org
942 _n0
999 _c115270
_d115270
490 _aRICS Red Book